Cuore

Gorde:
Xehetasun bibliografikoak
Egile nagusia: E.De Amicis
Formatua: Liburua
Hizkuntza:hizkuntza ezezaguna
Argitaratua: Edizione Milano
Etiketak: Etiketa erantsi
Etiketarik gabe, Izan zaitez lehena erregistro honi etiketa jartzen!

MARC

LEADER 00000nam a2200000Ia 4500
001 R-1347
003 CODICE-MESSINA
005 20260212102506.0
008 260211s9999 xx 000 0 und d
040 |c importazione_messina 
100 |a E.De Amicis 
245 0 |a Cuore 
260 |b Edizione Milano 
942 |2 ddc  |c BK 
952 |0 0  |1 0  |2 ddc  |4 0  |6 SCAFFALE_13_000000000000000__LETTERATURA  |7 0  |9 32180  |a ME  |b ME  |d 2026-02-11  |l 0  |o SCAFFALE 13 - LETTERATURA  |p R-1347  |r 2026-02-11 23:53:01  |w 2026-02-11  |x [REVISIONARE]  |y BK 
999 |c 27847  |d 27847